Logical investigations / (Record no. 30017)
[ view plain ]
| 000 -LEADER | |
|---|---|
| fixed length control field | 01883nam a2200349 a 4500 |
| 001 - CONTROL NUMBER | |
| control field | 30017 |
| 003 - CONTROL NUMBER IDENTIFIER | |
| rucl marc code | BD-RjUL |
| 005 - DATE AND TIME OF LATEST TRANSACTION | |
| control field | 20211209051510.0 |
| 008 - FIXED-LENGTH DATA ELEMENTS--GENERAL INFORMATION | |
| fixed length control field | 140408s1970 enk 001 0 eng |
| 020 ## - INTERNATIONAL STANDARD BOOK NUMBER | |
| International Standard Book Number | 071006618X (V-1) |
| International Standard Book Number | 0710066198 (V-2) |
| 035 ## - SYSTEM CONTROL NUMBER | |
| System control number | (BD-RjUL)30102 |
| 040 ## - CATALOGING SOURCE | |
| Original cataloging agency | LC |
| Language of cataloging | eng |
| Transcribing agency | LC |
| Modifying agency | ABN-SNR |
| -- | VJTL |
| -- | BD-RjUL |
| 041 1# - LANGUAGE CODE | |
| Language code of text/sound track or separate title | eng |
| Language code of original | ger |
| 082 04 - DEWEY DECIMAL CLASSIFICATION NUMBER | |
| Classification number | 160 |
| Author mark and year | HUL 1970 |
| 100 1# - MAIN ENTRY--PERSONAL NAME | |
| Personal name | Husserl, Edmund, |
| Dates associated with a name | 1859-1938. |
| 9 (RLIN) | 6186 |
| 245 10 - TITLE STATEMENT | |
| Title | Logical investigations / |
| Statement of responsibility, etc. | Edmund Husserl ; translated by J. N. Findlay. |
| 260 ## - PUBLICATION, DISTRIBUTION, ETC. (IMPRINT) | |
| Place of publication, distribution, etc. | London : |
| Name of publisher, distributor, etc. | Routledge and K. Paul ; |
| Place of publication, distribution, etc. | New York : |
| Name of publisher, distributor, etc. | Humanities Press, |
| Date of publication, distribution, etc. | 1970. |
| 300 ## - PHYSICAL DESCRIPTION | |
| Pagination | v. ; |
| Size | 22 cm. |
| 490 ## - SERIES STATEMENT | |
| Series statement | International library of philosophy and scientific method |
| 500 ## - GENERAL NOTE | |
| General note | "Translated from the Second German Edition of Logische Untersuchungen." |
| 504 ## - BIBLIOGRAPHY, ETC. NOTE | |
| Bibliography, etc | Includes bibliographical references. |
| 505 0# - FORMATTED CONTENTS NOTE | |
| Formatted contents note | Volume 1, Prolegomena to pure logic (Volume one of the German edition) ; Expression and meaning (Investigation I, volume II of the German edition) ; The ideal unity of the species (Investigation II, volume II of the German ediotion) -- Vol. 2 , On the theory of wholes and parts ( (Investigation III, Volume II of the German editions) ; The distinction between independent and non-independent meanings ((Investigation IV VolumeII of the German editions) ; On intentional experience and their "contents" ((Investigation V, Volume II of the German editions) ; Elements of a phenomenological elucidation of knowledge (Investigation VI, Volume II, Part II of the German editions) |
| 650 #0 - SUBJECT ADDED ENTRY--TOPICAL TERM | |
| Topical term or geographic name as entry element | Logic. |
| 9 (RLIN) | 91311 |
| Topical term or geographic name as entry element | Knowledge, Theory of. |
| 9 (RLIN) | 91312 |
| Topical term or geographic name as entry element | Phenomenology. |
| 9 (RLIN) | 3377 |
| 700 ## - ADDED ENTRY--PERSONAL NAME | |
| Personal name | Findlay, J. N. , tr. |
| 830 ## - SERIES ADDED ENTRY--UNIFORM TITLE | |
| Uniform title | International library of philosophy and scientific method |
| 942 ## - ADDED ENTRY ELEMENTS (KOHA) | |
| Source of classification or shelving scheme | Dewey Decimal Classification |
| Koha item type | Books |
| Lost status | Source of classification or shelving scheme | Damaged status | Not for loan | Collection code | Permanent Location | Current Location | Shelving location | Date acquired | Source of acquisition | Cost, normal purchase price | Total Checkouts | Full call number | Date last seen | Copy number | Koha item type |
|---|---|---|---|---|---|---|---|---|---|---|---|---|---|---|---|
| Dewey Decimal Classification | Not For Loan | Non-fiction | Central Library, University of Rajshahi | Central Library, University of Rajshahi | Reading Room | 22/12/1975 | Jonathan wren & co. , London | 12.00 | 160 HUL V-1 1970 | 08/04/2014 | C-1 | Books | |||
| Dewey Decimal Classification | Non-fiction | Central Library, University of Rajshahi | Central Library, University of Rajshahi | 22/12/1975 | Gonathan & Co. | 12.00 | 160 HUL V-1 1970 | 08/04/2014 | C-2 | Books | |||||
| Dewey Decimal Classification | Not For Loan | Non-fiction | Central Library, University of Rajshahi | Central Library, University of Rajshahi | Reading Room | 22/12/1975 | Jonathan wren & co. , London | 12.00 | 160 HUL V-2 1970 | 13/09/2018 | C-1 | Books | |||
| Dewey Decimal Classification | Non-fiction | Central Library, University of Rajshahi | Central Library, University of Rajshahi | 22/12/1975 | Jonathan wren & co. , London | 12.00 | 160 HUL V-2 1970 | 13/09/2018 | C-2 | Books |